[Event "Baku Open 2014"]
[Site "Baku AZE"]
[Date "2014.09.30"]
[Round "9.17"]
[White "Guliyev, Namig"]
[Black "Kowsarinia, Amir"]
[Result "0-1"]
[WhiteTitle "GM"]
[BlackTitle "FM"]
[WhiteElo "2546"]
[BlackElo "2331"]
[WhiteFideId "13400363"]
[BlackFideId "12500089"]
[EventDate "2014.09.22"]

1. e4 c5 2. Nf3 e6 3. d4 cxd4 4. Nxd4 Nf6 5. Nc3 Qb6 6. Nb3 Bb4 7. Bd3 Bxc3+ 8.
bxc3 d6 9. O-O O-O 10. Bg5 Nbd7 11. Qe2 Qc7 12. c4 e5 13. Kh1 h6 14. Bd2 b6 15.
f4 Ba6 16. g4 exf4 17. Bxf4 Rfe8 18. Nd2 Nc5 19. Rf3 Bb7 20. Re3 Re6 21. Re1
Rae8 22. Qf3 Qe7 23. Kg1 Nxg4 24. R3e2 Nf6 25. Bg3 Nfxe4 26. Nxe4 Nxe4 27. Bxe4
Bxe4 28. Qc3 f5 29. Rd2 Qg5 30. Rf1 Ba8 31. Qd3 f4 32. Rxf4 Re3 0-1

[Event "Baku Open 2014"]
[Site "Baku AZE"]
[Date "2014.09.30"]
[Round "9.18"]
[White "Rasulov, Vugar"]
[Black "Mammadzada, Gunay"]
[Result "1-0"]
[WhiteTitle "GM"]
[BlackTitle "WFM"]
[WhiteElo "2514"]
[BlackElo "2316"]
[WhiteFideId "13402390"]
[BlackFideId "13403729"]
[EventDate "2014.09.22"]

1. e4 c5 2. Nf3 d6 3. Bb5+ Bd7 4. a4 Nc6 5. O-O Nf6 6. Re1 g6 7. Bxc6 Bxc6 8. e5
dxe5 9. Nxe5 Rc8 10. Nc3 Bg7 11. Nb5 Bxb5 12. axb5 O-O 13. d3 Qb6 14. Nc4 Qxb5
15. Rxe7 Rcd8 16. Bg5 Nd5 17. Re1 f6 18. Bd2 a6 19. h4 Qd7 20. h5 g5 21. Qf3 g4
22. Qg3 b5 23. Ne3 f5 24. Nxd5 Qxd5 25. Rxa6 Rfe8 26. Rxe8+ Rxe8 27. Ra7 Ra8 28.
Rxa8+ Qxa8 29. Qd6 Qc8 30. h6 Bxb2 31. c3 b4 32. Qd5+ Kf8 33. cxb4 Bd4 34. Bf4 1-0

[Event "Baku Open 2014"]
[Site "Baku AZE"]
[Date "2014.09.30"]
[Round "9.19"]
[White "Romanishin, Oleg M"]
[Black "Pirverdiyev, Agil"]
[Result "1/2-1/2"]
[WhiteTitle "GM"]
[WhiteElo "2502"]
[BlackElo "2209"]
[WhiteFideId "14100088"]
[BlackFideId "13400568"]
[EventDate "2014.09.22"]

1. d4 Nf6 2. Nf3 b6 3. g3 Bb7 4. c4 g6 5. Bg2 Bg7 6. O-O O-O 7. d5 e6 8. Nc3 Qe7
9. Nd4 Ne8 10. Nb3 e5 11. c5 d6 12. cxb6 cxb6 13. Be3 Nd7 14. Rc1 Nc5 15. a4 f5
16. Nxc5 bxc5 17. a5 Nf6 18. b4 f4 19. Bd2 f3 20. exf3 cxb4 21. Ne4 Nxd5 22. Qb3
Rab8 23. Bg5 Qe6 24. Be3 Kh8 25. Bxa7 Ra8 26. Bb6 Rfe8 27. Rfd1 Bh6 28. Rb1 Nxb6
29. axb6 d5 30. Nc5 Qxb6 31. Nxb7 Qxb7 32. f4 e4 33. Qxb4 Qxb4 34. Rxb4 Ra5 35.
Rbd4 e3 36. fxe3 Rxe3 37. Rxd5 Rxd5 38. Rxd5 Bf8 39. Kf2 Re7 40. h4 Rc7 41. Be4
Kg7 42. g4 Rf7 43. Kf3 Ba3 44. Bd3 Bc1 45. Rd4 Bb2 46. Re4 Ba3 47. g5 Bd6 48.
Bc4 Rf8 49. Rd4 Be5 50. Rd7+ Kh8 51. Bf7 Bxf4 52. Kg4 Be5 53. h5 gxh5+ 54. Kxh5
Bg7 55. Bd5 Re8 56. Bc4 Rc8 57. Bf7 Rb8 58. Kg4 1/2-1/2

[Event "Baku Open 2014"]
[Site "Baku AZE"]
[Date "2014.09.30"]
[Round "9.20"]
[White "Kazimova, Narmin"]
[Black "Givon, Asaf"]
[Result "1/2-1/2"]
[WhiteTitle "WIM"]
[BlackTitle "IM"]
[WhiteElo "2233"]
[BlackElo "2431"]
[WhiteFideId "13402951"]
[BlackFideId "2801841"]
[EventDate "2014.09.22"]

1. d4 Nf6 2. c4 g6 3. Nc3 d5 4. cxd5 Nxd5 5. e4 Nxc3 6. bxc3 Bg7 7. Nf3 c5 8.
Be3 O-O 9. Be2 b6 10. Rc1 e6 11. O-O Bb7 12. Qd3 Nd7 13. d5 exd5 14. exd5 Ne5
15. Nxe5 Bxe5 16. c4 Qd6 17. h3 Bc8 18. Qd2 Bd7 19. Kh1 Rfe8 20. Bd3 Re7 21. Bg5
Ree8 22. Be3 Rac8 23. Rfd1 a6 24. a3 Rb8 25. Qc2 Qf6 26. Rb1 Bxh3 27. gxh3 Qf3+
28. Kg1 Qxh3 29. f3 Bd6 30. Re1 Bg3 31. Qg2 Qh4 32. Bf2 Bxf2+ 33. Qxf2 Qf4 34.
Re4 Rxe4 35. fxe4 Qg5+ 36. Kf1 Re8 37. Re1 Re5 38. Re3 Qh5 39. Rf3 Rg5 40. Ke2
Qh1 41. Rg3 Rh5 42. Rg1 Qh3 43. Kd2 Qd7 44. Qf4 Rh3 45. Rf1 b5 46. cxb5 axb5 47.
Qb8+ Kg7 48. Bxb5 Qg4 1/2-1/2

[Event "Baku Open 2014"]
[Site "Baku AZE"]
[Date "2014.09.30"]
[Round "9.21"]
[White "Aghayev, Nijat"]
[Black "Nugumanov, Bakhtiyar"]
[Result "1-0"]
[WhiteTitle "IM"]
[BlackTitle "FM"]
[WhiteElo "2401"]
[BlackElo "2287"]
[WhiteFideId "13402048"]
[BlackFideId "13701797"]
[EventDate "2014.09.22"]

1. d4 Nf6 2. c4 g6 3. Nc3 Bg7 4. e4 O-O 5. f4 d6 6. Nf3 Bg4 7. h3 Bxf3 8. Qxf3
Nc6 9. Be3 e5 10. fxe5 dxe5 11. d5 Nd4 12. Qf2 c6 13. Bd3 cxd5 14. cxd5 Ne8 15.
O-O Nd6 16. Rad1 Rc8 17. Qd2 a6 18. Ne2 Nxe2+ 19. Qxe2 f5 20. b4 fxe4 21. Bb1
Rxf1+ 22. Rxf1 Nf5 23. Rd1 Rc3 24. Bd2 Ra3 25. Bc1 Rc3 26. Bxe4 Nd4 27. Qf2 Qd6
28. Bd2 Rc8 29. Rf1 Rf8 30. Qe1 Nf5 31. g4 Nd4 32. Rxf8+ Bxf8 33. Kg2 Qd7 34.
Qf1 Bd6 35. a3 Qc7 36. Qd3 Qf7 37. Qf1 Qe7 38. Qf2 Nb5 39. Qf3 Nd4 40. Qe3 Qc7
41. Bd3 Nb3 42. Be1 Nd4 43. Qe4 Qc1 44. h4 Kg7 45. Bf2 Nb3 46. h5 Qf4 47. Qxf4
exf4 48. Bc2 Nd2 49. Bd4+ Kf7 50. Bd3 b5 51. Bc3 Nc4 52. hxg6+ hxg6 53. Bxc4
bxc4 54. Kf3 g5 55. Ke4 Bc7 56. Kd4 Bb6+ 57. Kxc4 Ke7 58. Kd3 f3 59. Be5 Ba7 60.
Kd2 Bb6 61. a4 Ba7 62. Ke1 Kd7 63. b5 axb5 64. axb5 Bc5 65. Kf1 Be3 66. Bg3 Bd4
67. Bf2 Be5 68. Bc5 Bg3 69. b6 1-0

[Event "Baku Open 2014"]
[Site "Baku AZE"]
[Date "2014.09.30"]
[Round "9.22"]
[White "Shahaliyev, Ismayil"]
[Black "Iskandarov, Misratdin"]
[Result "0-1"]
[BlackTitle "IM"]
[WhiteElo "2206"]
[BlackElo "2398"]
[WhiteFideId "13406388"]
[BlackFideId "13400312"]
[EventDate "2014.09.22"]

1. e4 g6 2. d4 Bg7 3. Nc3 c6 4. Bc4 d6 5. Qf3 e6 6. Nge2 Nd7 7. O-O Ngf6 8. a3
O-O 9. Bg5 e5 10. Ba2 h6 11. Bh4 Qb6 12. Qd3 g5 13. Bg3 Nh5 14. dxe5 dxe5 15.
Qe3 Nf4 16. Qxb6 axb6 17. f3 Re8 18. Bf2 Bf8 19. Ng3 b5 20. Nf5 Nf6 21. Rfd1
Bxf5 22. exf5 Red8 23. Kf1 Kg7 24. Ne4 Nxe4 25. fxe4 Nh5 26. Bb6 Rxd1+ 27. Rxd1
Nf6 28. Bc7 Re8 29. Ke2 Bc5 30. Bd8 Be7 31. Bxe7 Rxe7 32. Kf3 Re8 33. c4 bxc4
34. Bxc4 Ra8 35. Bb3 Kf8 36. Rd3 Ke7 37. Bc2 h5 38. Rb3 Ra7 39. Bd1 Ne8 40. Ke3
h4 41. a4 Nd6 42. Rc3 Ra8 43. Rc5 f6 44. b3 Ra6 45. a5 Kd7 46. Be2 Ra8 47. b4 b6
48. axb6 Ra3+ 49. Bd3 Rb3 50. g3 hxg3 51. hxg3 Rxb4 52. Ra5 Rxb6 53. Ra7+ Rb7
54. Ra8 c5 55. Kd2 Rb4 56. Ra6 Rb3 57. Ra7+ Kc6 58. Ra6+ Rb6 59. Ra8 c4 60. Bc2
Kc5 61. Ke3 Rb2 62. Kd2 Kd4 63. Rd8 Rb6 64. g4 Ra6 65. Rd7 Kc5 66. Rc7+ Kb4 67.
Rd7 Nb5 68. Rb7 Ra3 69. Rb6 Rg3 70. Bd1 Rg2+ 71. Kc1 Rf2 72. Rxf6 Nd4 73. Rh6 c3
74. Rd6 Rf1 75. Rd8 Kc4 0-1

[Event "Baku Open 2014"]
[Site "Baku AZE"]
[Date "2014.09.30"]
[Round "9.23"]
[White "Golubov, Saveliy"]
[Black "Abdulla, Khayala"]
[Result "1/2-1/2"]
[BlackTitle "WIM"]
[WhiteElo "2347"]
[BlackElo "2269"]
[WhiteFideId "24176729"]
[BlackFideId "13401807"]
[EventDate "2014.09.22"]

1. e4 c5 2. Nf3 e6 3. b3 a6 4. Bb2 Nc6 5. e5 d6 6. exd6 Nf6 7. Na3 Bxd6 8. Nc4
Be7 9. a4 b6 10. Bd3 O-O 11. O-O Bb7 12. Re1 Nb4 13. Be2 Nbd5 14. Nfe5 b5 15.
Ne3 Nxe3 16. dxe3 Qb6 17. Bd3 Rfd8 18. Qe2 c4 19. bxc4 bxa4 20. Bd4 Qc7 21. Rxa4
Bc5 22. Bc3 Ne4 23. Bxe4 Bxe4 24. Rea1 Qd6 25. Nf3 f6 26. Nd4 e5 27. Nb3 Bb7 28.
Na5 Be4 29. h3 h6 30. R4a2 Rab8 31. Qg4 Ba8 32. Nb3 Bb7 33. Ba5 Re8 34. Rd1 Qc6
35. Nxc5 Qxc5 36. Rd7 Re7 37. Bb6 Qb4 38. Rxe7 Qxe7 39. c5 Qf7 40. Ra1 f5 41.
Qg3 Qd5 42. c4 Qe4 43. Rd1 f4 44. exf4 exf4 45. Qg4 f3 46. Qxe4 Bxe4 47. gxf3
Bxf3 48. Rd7 Rb7 49. Rd6 Kf7 50. Kh2 Ke7 51. Kg3 Be2 52. c6 Rxb6 53. c7 Rxd6 54.
c8=Q Rf6 55. Qc7+ Kf8 56. Qd8+ Kf7 57. Qd7+ Kf8 58. f4 Bh5 59. c5 Be8 60. Qd8
Rc6 61. Kf2 Rf6 62. Ke3 Rc6 63. Kd4 Rf6 64. Ke5 Rc6 65. Kd5 Rf6 66. Qc7 Bf7+ 67.
Ke5 Be8 68. Qd8 Rc6 69. Kd4 Rf6 70. Kd5 Kf7 71. Qc7+ Kf8 72. h4 Bf7+ 73. Ke5 Be8
74. Qd8 Rc6 75. Kd4 Rf6 76. Kd5 Kf7 77. Qc7+ Kf8 78. Kc4 Rc6 79. Qe5 Rf6 80. Kb4
Rc6 81. Qd4 Rf6 82. Ka5 Rc6 83. Qe5 Rf6 84. Kb4 Rc6 85. Qd4 1/2-1/2

[Event "Baku Open 2014"]
[Site "Baku AZE"]
[Date "2014.09.30"]
[Round "9.24"]
[White "Omar, Noaman"]
[Black "Rzayev, Bahruz"]
[Result "1-0"]
[WhiteTitle "IM"]
[BlackTitle "IM"]
[WhiteElo "2355"]
[BlackElo "2416"]
[WhiteFideId "9300244"]
[BlackFideId "13403036"]
[EventDate "2014.09.22"]

1. d4 d5 2. c4 Nc6 3. e3 e5 4. dxe5 d4 5. a3 Nge7 6. Nf3 Nf5 7. Be2 Be6 8. g4
Nh4 9. Nxd4 Bd7 10. f4 h5 11. g5 Nxe5 12. fxe5 Qxg5 13. Nf3 Qg2 14. Rf1 Nxf3+
15. Bxf3 Qxh2 16. Rf2 Qg1+ 17. Ke2 Qg6 18. Qb3 Rd8 19. Nc3 Bg4 20. Nd5 Bxf3+ 21.
Rxf3 Qg2+ 22. Rf2 Qg4+ 23. Rf3 Rd7 24. Nf4 g5 25. Nd3 c6 26. Bd2 h4 27. c5 h3
28. e6 fxe6 29. Bc3 Rxd3 30. Kxd3 Rh7 31. Raf1 Rd7+ 32. Kc2 Bxc5 33. Bb4 Qe4+
34. Kc1 Rd3 35. Bxc5 1-0

[Event "Baku Open 2014"]
[Site "Baku AZE"]
[Date "2014.09.30"]
[Round "9.25"]
[White "Manik, Mikulas"]
[Black "Naghdiyev, Niyazi"]
[Result "1/2-1/2"]
[WhiteTitle "GM"]
[WhiteElo "2385"]
[BlackElo "2024"]
[WhiteFideId "14900734"]
[BlackFideId "13405519"]
[EventDate "2014.09.22"]

1. e4 c6 2. Nc3 d5 3. Nf3 Bg4 4. h3 Bxf3 5. Qxf3 e6 6. Be2 Nd7 7. O-O Ngf6 8. d4
dxe4 9. Nxe4 Nxe4 10. Qxe4 Nf6 11. Qh4 Be7 12. Rd1 Qd5 13. c4 Qe4 14. Qxe4 Nxe4
15. Bf3 Nd6 16. d5 cxd5 17. cxd5 e5 18. Re1 f6 19. Bg4 Kd8 20. Be6 Nb5 21. Be3
Bd6 22. Rac1 Nc7 23. Bg4 Ke7 24. f4 Nxd5 25. fxe5 fxe5 26. Bc5 Bxc5+ 27. Rxc5
Kd6 28. Rb5 Kc6 29. a4 Nf6 30. Bf3+ e4 31. Bxe4+ Nxe4 32. Rxe4 b6 33. Re7 g6 34.
Rb4 Kd6 35. Rg7 Kc5 36. Rh4 a5 37. Rc7+ Kd5 38. Rhxh7 Rxh7 39. Rxh7 Kc4 40. Rg7
Kb3 41. Rxg6 Rb8 42. h4 Kxb2 43. h5 b5 44. axb5 a4 45. Ra6 a3 46. Kf2 a2 47. g4
a1=Q 48. Rxa1 Kxa1 49. h6 Rg8 50. Kg3 1/2-1/2

[Event "Baku Open 2014"]
[Site "Baku AZE"]
[Date "2014.09.30"]
[Round "9.28"]
[White "Zeynalov, Farid"]
[Black "Aharon, Ofir"]
[Result "1-0"]
[WhiteTitle "FM"]
[BlackTitle "FM"]
[WhiteElo "2277"]
[BlackElo "2341"]
[WhiteFideId "13402250"]
[BlackFideId "2800683"]
[EventDate "2014.09.22"]

1. d4 Nf6 2. Bg5 d5 3. Bxf6 gxf6 4. e3 Bg7 5. Ne2 O-O 6. Nf4 f5 7. Nc3 e6 8. Rg1
e5 9. dxe5 c6 10. g4 fxg4 11. Be2 Bxe5 12. Bxg4 Kh8 13. Bxc8 Qxc8 14. Qh5 Bxf4
15. exf4 Qe6+ 16. Kf1 Nd7 17. Re1 Qf6 18. Re3 Rg8 19. Rg5 Rg6 20. Rf5 Qg7 21.
Re7 Nf6 22. Qh4 Re8 23. Rxe8+ Nxe8 24. Re5 Nf6 25. Ne2 Rg4 26. Qh3 Qg6 27. f3
Qxc2 28. fxg4 Ne4 29. Qe3 1-0

[Event "Baku Open 2014"]
[Site "Baku AZE"]
[Date "2014.09.30"]
[Round "9.29"]
[White "Zanan, Evgeny"]
[Black "Gadimbayli, Abdulla"]
[Result "1/2-1/2"]
[WhiteTitle "FM"]
[BlackTitle "FM"]
[WhiteElo "2303"]
[BlackElo "2162"]
[WhiteFideId "24101940"]
[BlackFideId "13404938"]
[EventDate "2014.09.22"]

1. d4 d5 2. c4 c6 3. Nc3 Nf6 4. e3 e6 5. Nf3 Nbd7 6. Bd3 Be7 7. O-O b6 8. e4
dxe4 9. Nxe4 Bb7 10. Qe2 O-O 11. Bf4 c5 12. Nxf6+ Bxf6 13. Bd6 Bxf3 14. Qxf3
Bxd4 15. Be4 Rc8 16. Bxf8 Qxf8 17. Qe2 Qd6 18. Kh1 f5 19. Bc2 g6 20. f4 e5 21.
fxe5 Nxe5 22. Bxf5 gxf5 23. Rxf5 Qe6 24. Raf1 Re8 25. b3 Ng6 26. Qg4 Bg7 27. h4
Qe4 28. Qxe4 Rxe4 29. g3 Re3 30. Kg2 Ne5 31. Rd1 Nd3 32. Rd5 Bd4 33. Rf1 Be5 34.
Rd7 Rxg3+ 35. Kh1 Rh3+ 36. Kg2 Rg3+ 37. Kh1 Rh3+ 38. Kg2 Rg3+ 1/2-1/2

[Event "Baku Open 2014"]
[Site "Baku AZE"]
[Date "2014.09.30"]
[Round "9.30"]
[White "Hojjatova, Aydan"]
[Black "Khalafova, Narmin"]
[Result "1-0"]
[WhiteTitle "WCM"]
[BlackTitle "WFM"]
[WhiteElo "2014"]
[BlackElo "2166"]
[WhiteFideId "13401491"]
[BlackFideId "13402625"]
[EventDate "2014.09.22"]

1. e4 d6 2. d4 Nf6 3. Nc3 g6 4. Be2 Bg7 5. Be3 c6 6. e5 dxe5 7. dxe5 Nd5 8. Nxd5
cxd5 9. f4 Nc6 10. Nf3 O-O 11. O-O f6 12. exf6 Bxf6 13. c3 Qd6 14. Qd2 Bg4 15.
Rad1 Bxf3 16. Bxf3 e6 17. Qd3 Rad8 18. Rfe1 Rd7 19. Bg4 Re8 20. Bf2 Rde7 21. g3
g5 22. Qf3 gxf4 23. gxf4 Kh8 24. Kh1 Rd8 25. Bg3 b5 26. a3 a5 27. Qe2 b4 28.
axb4 axb4 29. Bxe6 bxc3 30. bxc3 Qc5 31. Qh5 Qxc3 32. Rc1 Qb2 33. Rxc6 d4 34.
Bh4 d3 35. Bf5 d2 36. Rd1 Bxh4 37. Qxh4 Rde8 38. Re6 Qb7+ 39. Be4 Qa7 40. Qf6+
Kg8 41. Rxe7 1-0

[Event "Baku Open 2014"]
[Site "Baku AZE"]
[Date "2014.09.30"]
[Round "9.31"]
[White "Shabanov, Nurlan"]
[Black "Fataliyeva, Ulviyya"]
[Result "1-0"]
[BlackTitle "WFM"]
[WhiteElo "2106"]
[BlackElo "2117"]
[WhiteFideId "13400100"]
[BlackFideId "13403052"]
[EventDate "2014.09.22"]

1. d4 e6 2. c4 Bb4+ 3. Bd2 Qe7 4. g3 f5 5. Bg2 Nf6 6. a3 Bxd2+ 7. Qxd2 d6 8. Nc3
Nc6 9. Nf3 O-O 10. O-O e5 11. Nd5 Nxd5 12. cxd5 Nd8 13. dxe5 dxe5 14. e4 Nf7 15.
Rfe1 Rd8 16. exf5 Qf6 17. Qc3 Rxd5 18. Qxc7 Bxf5 19. Qxb7 Rad8 20. Nh4 Bc8 21.
Qxd5 Rxd5 22. Bxd5 Be6 23. Rad1 Bxd5 24. Rxd5 h5 25. Re3 Qc6 26. Red3 Ng5 27.
Rxe5 Nh3+ 28. Kf1 Qc1+ 29. Re1 Qxb2 30. Rf3 Qb5+ 31. Kg2 Ng5 32. Rfe3 Qc6+ 33.
f3 Kh7 34. Re5 Qc2+ 35. R1e2 Qc4 36. a4 a6 37. a5 g6 38. Rd2 Qc1 39. Re7+ Kh6
40. Rde2 Qc4 41. Rd2 Qc5 42. Red7 Qxa5 43. R7d6 Ne6 44. Nxg6 Kxg6 45. Rxe6+ Kf7
46. Ree2 Qb5 47. Ra2 a5 48. Re4 Qb3 49. Rxa5 Qc2+ 50. Kh3 Qc8+ 51. Kh4 Qd8+ 52.
Rg5 Qd2 53. h3 Qd8 54. Kxh5 Qh8+ 55. Kg4 Qc8+ 56. Rf5+ Kg6 57. Rf4 Qd7 58. h4
Qc8 59. h5+ Kh6 60. Kh4 1-0

[Event "Baku Open 2014"]
[Site "Baku AZE"]
[Date "2014.09.30"]
[Round "9.32"]
[White "Asgarov, Mushfig"]
[Black "Mammadova, Narmin"]
[Result "1-0"]
[WhiteElo "2260"]
[BlackElo "2124"]
[WhiteFideId "13401734"]
[BlackFideId "13403710"]
[EventDate "2014.09.22"]

1. e4 c6 2. d4 d5 3. exd5 cxd5 4. c4 Nf6 5. Nc3 e6 6. Nf3 Be7 7. c5 O-O 8. Bd3
b6 9. cxb6 Qxb6 10. O-O Nc6 11. a3 a5 12. Rb1 Ba6 13. Re1 Bxd3 14. Qxd3 Rab8 15.
Bf4 Rb7 16. h3 Rc8 17. Na4 Qd8 18. Rec1 Nd7 19. Qa6 Ra7 20. Qb5 Ncb8 21. Rxc8
Qxc8 22. Rc1 Qd8 23. Nc5 h6 24. Nb7 Qf8 25. Nxa5 Kh7 26. Nb7 Nf6 27. Ne5 Ra8 28.
Nc5 Ra7 29. Qb6 Bxc5 30. dxc5 Ra6 31. Qb7 Ne4 32. Nd3 e5 33. Bxe5 Rg6 34. Qxd5
Ng5 35. Kh2 Qc8 36. f4 f6 37. Bd6 Nxh3 38. gxh3 Qe8 39. Re1 Qa4 40. Nb4 Na6 41.
Qe4 Nxb4 42. Rg1 Qc2+ 43. Qxc2 Nxc2 44. Rxg6 Kxg6 45. c6 1-0

[Event "Baku Open 2014"]
[Site "Baku AZE"]
[Date "2014.09.30"]
[Round "9.33"]
[White "Amrayeva, Aytan"]
[Black "Bayramov, Vugar"]
[Result "0-1"]
[WhiteElo "2144"]
[BlackElo "2254"]
[WhiteFideId "13405101"]
[BlackFideId "13400916"]
[EventDate "2014.09.22"]

1. c4 e5 2. Nc3 Nf6 3. g3 d6 4. Bg2 Be7 5. d3 O-O 6. e4 c6 7. Nge2 a6 8. a4 a5
9. O-O Na6 10. d4 exd4 11. Nxd4 Nc5 12. h3 Qb6 13. Kh2 Re8 14. Re1 g6 15. f4 Bf8
16. b3 Bg7 17. Bb2 Bd7 18. Ra2 Re7 19. Ba1 Rae8 20. Rae2 h5 21. Re3 Bc8 22. R3e2
Qc7 23. Kh1 Qb6 24. Kh2 Bh6 25. e5 dxe5 26. fxe5 Nh7 27. e6 Bxe6 28. Nxe6 Rxe6
29. Rxe6 Rxe6 30. Rxe6 Nxe6 31. Ne4 Bg7 32. Bxg7 Kxg7 33. Qd7 Nf6 34. Nxf6 Kxf6
35. Qd3 Qd4 36. Qf1+ Kg7 37. Qe1 Qc5 38. Qc3+ Nd4 39. Qe3 Qd6 40. h4 Nf5 41.
Qc3+ Kf8 42. Kh3 Qd4 43. Qf3 Ne3 44. Kh2 Ng4+ 45. Kh1 Qa1+ 46. Bf1 Qe1 47. c5
Ne3 48. Kg1 Nxf1 49. Qxf1 Qxg3+ 50. Kh1 Qxh4+ 51. Kg2 Qg4+ 52. Kh2 h4 0-1